El autoritarismo en la escuela / (Record no. 26887)

MARC details
000 -LEADER
campo de control de longitud fija 00632nam a2200193 i 4500
001 - NÚMERO DE CONTROL
campo de control 26887
003 - IDENTIFICADOR DE NÚMERO DE CONTROL
campo de control ES-MaACL
005 - FECHA Y HORA DE LA ÚLTIMA TRANSACCIÓN
campo de control 20230906153523.0
007 - CAMPO FIJO DE DESCRIPCIÓN FÍSICA--INFORMACIÓN GENERAL
campo de control de longitud fija t|
008 - DATOS DE LONGITUD FIJA--INFORMACIÓN GENERAL
campo de control de longitud fija 030110s1970 sp ||||1| spa d
245 03 - MENCIÓN DEL TÍTULO
Título El autoritarismo en la escuela /
Mención de responsabilidad, etc. Alberto Alberti ... [et al.] ; introducción de Mario Alighiero-Manacorda ; [traducido por Prudenci Comes].
250 ## - MENCION DE EDICION
Mención de edición [1ª ed.].
260 ## - PUBLICACIÓN, DISTRIBUCIÓN, ETC.
Lugar de publicación, distribución, etc. Barcelona :
Nombre del editor, distribuidor, etc. [s.n.,
Fecha de publicación, distribución, etc. 1970]
300 ## - DESCRIPCIÓN FÍSICA
Extensión 322 p. ;
Dimensiones 19 cm.
700 1# - ENTRADA AGREGADA--NOMBRE PERSONAL
Nombre de persona Comes, Prudenci.
9 (RLIN) 39997
700 1# - ENTRADA AGREGADA--NOMBRE PERSONAL
Nombre de persona Alberti, Alberto.
9 (RLIN) 19335
700 1# - ENTRADA AGREGADA--NOMBRE PERSONAL
Nombre de persona Alighiero-Manacorda, Mario.
9 (RLIN) 19934
852 ## - LOCALIZACIÓN
Ubicación ES-MaACL
Número de control de estantería C-47648
Sublocalización o colección R.74880
Holdings
Estatus retirado Estado de pérdida Estado de daño No para préstamo Biblioteca de origen Biblioteca actual Ubicación en estantería Fecha de adquisición Fuente de adquisición Total de préstamos Signatura topográfica completa Código de barras Visto por última vez Precio de reemplazo Tipo de ítem Koha
        Biblioteca del Ateneo de Madrid Biblioteca del Ateneo de Madrid Depósito 2 17/01/2008     C-47648 1027754 23/02/2023 23/02/2023 Libro impreso